Escape From Fire Mountain (Record no. 832105)

MARC details
000 -LEADER
fixed length control field 00426nam a2200169Ia 4500
008 - FIXED-LENGTH DATA ELEMENTS--GENERAL INFORMATION
fixed length control field 110201s9999 xx 000 0 und d
082 ## - DEWEY DECIMAL CLASSIFICATION NUMBER
Item number B6458
Classification number BAL 1694
100 ## - MAIN ENTRY--PERSONAL NAME
Personal name Gary Paulsen
245 ## - TITLE STATEMENT
Title Escape From Fire Mountain
260 ## - PUBLICATION, DISTRIBUTION, ETC. (IMPRINT)
Name of publisher, distributor, etc A yearding book
365 ## - TRADE PRICE
Price amount 0
600 ## - SUBJECT ADDED ENTRY--PERSONAL NAME
Personal name Gary Paulsen
630 ## - SUBJECT ADDED ENTRY--UNIFORM TITLE
Uniform title Escape From Fire Mountain
700 ## - ADDED ENTRY--PERSONAL NAME
Personal name Gary Paulsen
730 ## - ADDED ENTRY--UNIFORM TITLE
Uniform title Escape From Fire Mountain
942 ## - ADDED ENTRY ELEMENTS (KOHA)
Koha item type Book
Holdings
Withdrawn status Lost status Damaged status Not for loan Home library Current library Date acquired Cost, normal purchase price Total Checkouts Barcode Date last seen Cost, replacement price Price effective from Koha item type
        Prof.Manikrao Kirtane Vachanalaya, Vashi, Navi Mumbai Prof.Manikrao Kirtane Vachanalaya, Vashi, Navi Mumbai 02/01/2011 0.00   PMKV-B6458 02/01/2011 0.00 02/01/2011 Book